Trhovo konzistentná embedded value
Podstata stanovenia hodnoty portfólia pomocou súčasnej hodnoty očakávaných budúcich ziskov so zohľadnením nákladov na kapitál, vnorené opcie a garancie.
Gespeichert in:
| 1. Verfasser: | |
|---|---|
| Weitere Verfasser: | |
| Format: | Buchkapitel |
| Sprache: | Slowakisch |
| Schlagworte: | |
| Tags: |
Keine Tags, Fügen Sie das erste Tag hinzu!
|
MARC
| LEADER | 00000nla a2200000 4500 | ||
|---|---|---|---|
| 001 | 0175214 | ||
| 005 | 20240502073004.3 | ||
| 041 | 0 | |a slo | |
| 044 | |a SK | ||
| 245 | 1 | 0 | |a Trhovo konzistentná embedded value |c Alexandra Cisková, Martin Kosztolányi |
| 520 | |a Podstata stanovenia hodnoty portfólia pomocou súčasnej hodnoty očakávaných budúcich ziskov so zohľadnením nákladov na kapitál, vnorené opcie a garancie. | ||
| 610 | 2 | 0 | |a poisťovníctvo |
| 610 | 2 | 0 | |a poisťovne |
| 610 | 2 | 0 | |a matematika poistná |
| 610 | 2 | 0 | |a metódy aktuárske |
| 610 | 2 | 0 | |a portfólio |
| 610 | 2 | 0 | |a hodnota |
| 100 | 1 | |a Cisková, Alexandra | |
| 700 | 1 | |a Kosztolányi, Martin, 1977- | |